000 00955cam a2200253 4500
008 090401t1999 xxu||||| |||| 00| 0 eng d
020 _a1859788793
035 _a(Sirsi) u90239
041 _aeng
050 _a347.4109
100 _aCato, D. Mark
245 _aSo you really want to be an arbitrator?
260 _aLondon
_bLLP
_c1999
300 _axvii,227p. ; 22cm.
350 _a55
490 _aLLP Dispute Resolution Guides
520 _aAn introductory textbook for arbitrators written in the form of a conversation between a senior arbitrator and his god-daughter who wants to study to become an arbitrator.
650 _aMANAGEMENT-DISPUTE AVOIDANCE, MANAGEMENT AND RESOLUTION-DISPUTE MANAGEMENT AND RESOLUTION-ARBITRATION
650 _aPROCEDURE
650 _aRENT REVIEWS
690 _aMANAGEMENT-DISPUTE AVOIDANCE, MANAGEMENT AND RESOLUTION-DISPUTE MANAGEMENT AND RESOLUTION-ARBITRATION
942 _n0
948 _c10/12/1998
999 _c97541
_d97541